Towns of Massachusetts - Statistics

General Stats
  • This quiz has been taken 18 times
  • The average score is 113 of 407
Answer Stats
Answer County % Correct
Boston Suffolk County
77%
Acton Middlesex County
54%
Adams Berkshire County
54%
Amherst Hampshire County
54%
Andover Essex County
54%
Cambridge Middlesex County
54%
Essex Essex County
54%
Lowell Middlesex County
54%
Peabody Essex County
54%
Salem Essex County
54%
Springfield Hampden County
54%
West Springfield Hampden County
54%
Worcester Worcester County
54%
Agawam Hampden County
46%
Arlington Middlesex County
46%
Attleboro Bristol County
46%
Barnstable Barnstable County
46%
Billerica Middlesex County
46%
Danvers Essex County
46%
Franklin Norfolk County
46%
Hampden Hampden County
46%
Malden Middlesex County
46%
New Bedford Bristol County
46%
Plymouth Plymouth County
46%
Reading Middlesex County
46%
Abington Plymouth County
38%
Acushnet Bristol County
38%
Alford Berkshire County
38%
Amesbury Essex County
38%
Ashburnham Worcester County
38%
Ashby Middlesex County
38%
Ashland Middlesex County
38%
Athol Worcester County
38%
Ayer Middlesex County
38%
Bedford Middlesex County
38%
Beverly Essex County
38%
Burlington Middlesex County
38%
Fall River Bristol County
38%
Foxborough Norfolk County
38%
Georgetown Essex County
38%
Gloucester Essex County
38%
Hamilton Essex County
38%
Lexington Middlesex County
38%
Lincoln Middlesex County
38%
Littleton Middlesex County
38%
Lynn Essex County
38%
Middleton Essex County
38%
Milford Worcester County
38%
Nantucket Nantucket County
38%
Newbury Essex County
38%
North Adams Berkshire County
38%
Northampton Hampshire County
38%
North Andover Essex County
38%
North Reading Middlesex County
38%
Palmer Hampden County
38%
Rockport Essex County
38%
Salisbury Essex County
38%
Somerville Middlesex County
38%
Stoneham Middlesex County
38%
Swampscott Essex County
38%
Tewksbury Middlesex County
38%
Topsfield Essex County
38%
Truro Barnstable County
38%
Waltham Middlesex County
38%
Wenham Essex County
38%
Westford Middlesex County
38%
West Newbury Essex County
38%
Aquinnah Dukes County
31%
Ashfield Franklin County
31%
Auburn Worcester County
31%
Belmont Middlesex County
31%
Boxford Essex County
31%
Braintree Norfolk County
31%
Bridgewater Plymouth County
31%
Brookline Norfolk County
31%
Carlisle Middlesex County
31%
Chatham Barnstable County
31%
Chelmsford Middlesex County
31%
Chicopee Hampden County
31%
Clinton Worcester County
31%
Cohasset Norfolk County
31%
Dedham Norfolk County
31%
East Bridgewater Plymouth County
31%
Edgartown Dukes County
31%
Everett Middlesex County
31%
Goshen Hampshire County
31%
Groton Middlesex County
31%
Groveland Essex County
31%
Harvard Worcester County
31%
Haverhill Essex County
31%
Holyoke Hampden County
31%
Hopedale Worcester County
31%
Hopkinton Middlesex County
31%
Hudson Middlesex County
31%
Hull Plymouth County
31%
Ipswich Essex County
31%
Lancaster Worcester County
31%
Lawrence Essex County
31%
Ludlow Hampden County
31%
Lunenburg Worcester County
31%
Lynnfield Essex County
31%
Manchester-by-the-Sea Essex County
31%
Marblehead Essex County
31%
Marlborough Middlesex County
31%
Medfield Norfolk County
31%
Medway Norfolk County
31%
Melrose Middlesex County
31%
Merrimac Essex County
31%
Methuen Essex County
31%
Milton Norfolk County
31%
Monson Hampden County
31%
Montgomery Hampden County
31%
Needham Norfolk County
31%
Newburyport Essex County
31%
Norfolk Norfolk County
31%
Northfield Franklin County
31%
Norton Bristol County
31%
Norwood Norfolk County
31%
Orange Franklin County
31%
Oxford Worcester County
31%
Provincetown Barnstable County
31%
Quincy Norfolk County
31%
Revere Suffolk County
31%
Rowley Essex County
31%
Russell Hampden County
31%
Scituate Plymouth County
31%
Shirley Middlesex County
31%
Somerset Bristol County
31%
Stoughton Norfolk County
31%
Sudbury Middlesex County
31%
Taunton Bristol County
31%
Townsend Middlesex County
31%
Tyngsborough Middlesex County
31%
Wakefield Middlesex County
31%
Watertown Middlesex County
31%
Wellesley Norfolk County
31%
West Bridgewater Plymouth County
31%
Wilbraham Hampden County
31%
Williamstown Berkshire County
31%
Wilmington Middlesex County
31%
Winthrop Suffolk County
31%
Woburn Middlesex County
31%
Wrentham Norfolk County
31%
Yarmouth Barnstable County
31%
Avon Norfok County
23%
Barre Worcester County
23%
Becket Berkshire County
23%
Belchertown Hampshire County
23%
Bellingham Norfolk County
23%
Berkley Bristol County
23%
Berlin Worcester County
23%
Bernardston Franklin County
23%
Blandford Hampden County
23%
Bolton Worcester County
23%
Bourne Barnstable County
23%
Boxborough Middlesex County
23%
Boylston Worcester County
23%
Brewster Barnstable County
23%
Brimfield Hampden County
23%
Brockton Plymouth County
23%
Brookfield Worcester County
23%
Buckland Franklin County
23%
Carver Plymouth County
23%
Charlemont Franklin County
23%
Charlton Worcester County
23%
Chelsea Suffolk County
23%
Cheshire Berkshire County
23%
Chester Hampden County
23%
Chilmark Dukes County
23%
Clarksburg Berkshire County
23%
Colrain Franklin County
23%
Concord Middlesex County
23%
Conway Franklin County
23%
Cummington Hampshire County
23%
Dalton Berkshire County
23%
Dartmouth Bristol County
23%
Deerfield Franklin County
23%
Dennis Barnstable County
23%
Dighton Bristol County
23%
Douglas Worcester County
23%
Dover Norfolk County
23%
Dracut Middlesex County
23%
Dudley Worcester County
23%
Dunstable Middlesex County
23%
Duxbury Plymouth County
23%
East Brookfield Worcester County
23%
Eastham Barnstable County
23%
East Longmeadow Hampden County
23%
Easton Bristol County
23%
Egremont Berkshire County
23%
Erving Franklin County
23%
Fairhaven Bristol County
23%
Falmouth Barnstable County
23%
Fitchburg Worcester County
23%
Florida Berkshire County
23%
Framingham Middlesex County
23%
Freetown Bristol County
23%
Gardner Worcester County
23%
Gill Franklin County
23%
Grafton Worcester County
23%
Granby Hampshire County
23%
Granville Hampden County
23%
Great Barrington Berkshire County
23%
Greenfield Franklin County
23%
Hadley Hampshire County
23%
Halifax Plymouth County
23%
Hancock Berkshire County
23%
Hanover Plymouth County
23%
Hardwick Worcester County
23%
Harwich Barnstable County
23%
Hatfield Hampshire County
23%
Hawley Franklin County
23%
Heath Franklin County
23%
Hingham Plymouth County
23%
Hinsdale Berkshire County
23%
Holbrook Norfolk County
23%
Holden Worcester County
23%
Holliston Middlesex County
23%
Hubbardston Worcester County
23%
Huntington Hampshire County
23%
Kingston Plymouth County
23%
Lakeville Plymouth County
23%
Lanesborough Berkshire County
23%
Lee Berkshire County
23%
Leicester Worcester County
23%
Lenox Berkshire County
23%
Leominster Worcester County
23%
Leverett Franklin County
23%
Leyden Franklin County
23%
Longmeadow Hampden County
23%
Mansfield Bristol County
23%
Marion Plymouth County
23%
Mashpee Barnstable County
23%
Mattapoisett Plymouth County
23%
Maynard Middlesex County
23%
Mendon Worcester County
23%
Middleborough Plymouth County
23%
Middlefield Hampshire County
23%
Millis Norfolk County
23%
Monroe Franklin County
23%
Montague Franklin County
23%
Monterey Berkshire County
23%
Mount Washington Berkshire County
23%
Nahant Essex County
23%
Natick Middlesex County
23%
New Ashford Berkshire County
23%
New Marlborough Berkshire County
23%
New Salem Franklin County
23%
North Attleborough Bristol County
23%
Northborough Worcester County
23%
Northbridge Worcester County
23%
North Brookfield Worcester County
23%
Oak Bluffs Dukes County
23%
Orleans Barnstable County
23%
Otis Berkshire County
23%
Paxton Worcester County
23%
Pelham Hampshire County
23%
Pembroke Plymouth County
23%
Pepperell Middlesex County
23%
Peru Berkshire County
23%
Petersham Worcester County
23%
Phillipston Worcester County
23%
Plainfield Hampshire County
23%
Plympton Plymouth County
23%
Princeton Worcester County
23%
Randolph Norfolk County
23%
Raynham Bristol County
23%
Rehoboth Bristol County
23%
Richmond Berkshire County
23%
Rowe Franklin County
23%
Rutland Worcester County
23%
Sandisfield Berkshire County
23%
Sandwich Barnstable County
23%
Saugus Essex County
23%
Seekonk Bristol County
23%
Sheffield Berkshire County
23%
Sherborn Middlesex County
23%
Shrewsbury Worcester County
23%
Shutesbury Franklin County
23%
Southampton Hampshire County
23%
Southborough Worcester County
23%
Southbridge Worcester County
23%
South Hadley Hampshire County
23%
Southwick Hampden County
23%
Sterling Worcester County
23%
Stockbridge Berkshire County
23%
Stow Middlesex County
23%
Sturbridge Worcester County
23%
Sutton Worcester County
23%
Swansea Bristol County
23%
Templeton Worcester County
23%
Tisbury Dukes County
23%
Tolland Hampden County
23%
Tyringham Berkshire County
23%
Upton Worcester County
23%
Uxbridge Worcester County
23%
Walpole Norfolk County
23%
Ware Hampshire County
23%
Wareham Plymouth County
23%
Warren Worcester County
23%
Warwick Franklin County
23%
Washington Berkshire County
23%
Webster Worcester County
23%
Wellfleet Barnstable County
23%
Wendell Franklin County
23%
Westborough Worcester County
23%
West Boylston Worcester County
23%
West Brookfield Worcester County
23%
Westminster Worcester County
23%
Weston Middlesex County
23%
West Stockbridge Berkshire County
23%
West Tisbury Dukes County
23%
Westwood Norfolk County
23%
Whately Franklin County
23%
Whitman Plymouth County
23%
Williamsburg Hampshire County
23%
Winchendon Worcester County
23%
Winchester Middlesex County
23%
Windsor Berkshire County
23%
Worthington Hampshire County
23%
Blackstone Worcester County
15%
Canton Norfolk County
15%
Chesterfield Hampshire County
15%
Easthampton Hampshire County
15%
Gosnold Dukes County
15%
Hanson Plymouth County
15%
Holland Hampden County
15%
Marshfield Plymouth County
15%
Millville Worcester County
15%
New Braintree Worcester County
15%
Newton Middlesex County
15%
Norwell Plymouth County
15%
Oakham Worcester County
15%
Pittsfield Berkshire County
15%
Plainville Norfolk County
15%
Rochester Plymouth County
15%
Rockland Plymouth County
15%
Royalston Worcester County
15%
Savoy Berkshire County
15%
Sharon Norfolk County
15%
Shelburne Franklin County
15%
Spencer Worcester County
15%
Sunderland Franklin County
15%
Wales Hampden County
15%
Wayland Middlesex County
15%
Westfield Hampden County
15%
Westhampton Hampshire County
15%
Westport Bristol County
15%
Weymouth Norfolk County
15%
No matching quizzes found
Score Distribution
Percent of People with Each Score
Percentile by Number Answered
Your Score History
You have not taken this quiz